|
|
|
|
| LEADER |
00883nam a2200241 4500 |
| 001 |
000997323 |
| 003 |
CZ BrMZK |
| 005 |
20091023091945.0 |
| 007 |
ta |
| 008 |
010825s1980 xxko f d eng |
| 020 |
|
|
|a 0140013644
|q (brož.)
|
| 040 |
|
|
|a BOA001
|b cze
|
| 080 |
9 |
|
|a 821.111
|
| 100 |
1 |
|
|a Lerner, Alan Jay,
|d 1918-1986
|7 jn20001227153
|4 aut
|
| 245 |
1 |
0 |
|a My fair lady :
|b a musical play in two acts based on Pygmalion by Bernard Shaw /
|c adaptation and lyrics by Alan Jay Lerner
|
| 260 |
|
|
|a Harmondsworth :
|b Penguin Books,
|c 1980
|
| 300 |
|
|
|a 120 s., 8 s. fot. příl.
|
| 655 |
|
7 |
|a divadelní hry
|7 fd132028
|2 czenas
|
| 700 |
1 |
|
|a Shaw, Bernard,
|d 1856-1950
|7 jn19990007481
|4 aut
|
| 910 |
|
|
|a BOA001
|b AK-0001.435
|
| 990 |
|
|
|a BK
|
| 991 |
|
|
|b 200908
|z 000045896
|x 99
|
| 996 |
7 |
|
|b 261E003406
|c AK-0001.435
|l Anglická knihovna/2.patro
|r ZHR
|n 17
|h PD-ler
|w 000997323
|u 000010
|a 0
|e BOA001
|j MZK50
|s A
|